| 000 | 01599mam a2200169 4500 | ||
|---|---|---|---|
| 082 | 0 | 0 |
_a338.9 _bGOL _cMCE, L-27, p-71 |
| 100 | 1 |
_aPhelps, Edmund S., _912228 |
|
| 245 | 1 | 4 |
_aThe goal of economic growth. _cPhelps, Edmund S. |
| 250 | _aRev. ed. | ||
| 260 |
_aNew York, _bNorton _c[1969] |
||
| 300 |
_axvi, 244 p. _c20 cm. |
||
| 490 | 1 | _aProblems of the modern economy | |
| 505 | 0 | _aPerspective on economic growth / Edmund S. Phelps -- Growth through taxation / James Tobin -- The costs of economic growth / Ezra J. Mishan -- What price economic growth? / Tibor and Anne Scitovsky -- Economic growth as a national goal / Herbert Stein and Edward Denison -- United States growth : what, why, how / W. Allen Wallis -- Public responsibility for growth and stability / Paul A. Samuelson -- Government "neutralism" and "activism" in growth decisions / Edmund S. Phelps -- Fixed investment and economic growth / Robert M. Solow -- Investment in human capital / Theodore W. Schultz -- | |
| 505 | 0 | _aUnderinvestment in college education? / Gary S. Becker -- Research and economic growth : the role of public policy / Benton F. Massell and Richard R. Nelson -- Can there be too much research? / Fritz Machlup -- Technological change and industrial research / Edwin Mansfield -- Economic growth : the last hundred years / Deborah C. Paige -- The pattern of U.S. economic growth / Simon Kuznets -- Economic possibilities for our grandchildren / John Maynard Keynes -- Postindustrial America in the year 2000 / Herman Kahn and Anthony J. Wiener. | |
| 526 |
_a0 _b0 _c0 _d338_900000000000000_GOL |
||
| 942 |
_2ddc _cBK |
||
| 999 |
_c542150 _d542150 |
||